000 01016nam a22002417a 4500
005 20170123164201.0
010 _aA-824068
035 _aB-824068
037 _bCen Lib / Ret
040 _aDPL
_bPN
082 _a851
_bਕੋਹਲੀ
100 _aਕੋਹਲੀ, ਸੁਰਿੰਦਰ ਸਿੰਘ ਕੋਹਲੀ
_9133298
245 _aਚੋਣਵੀਆਂ ਕਾਫੀਆਂ
_cਸੁਰਿੰਦਰ ਸਿੰਘ ਕੋਹਲੀ
_bਇਨ ਪੰਜਾਬੀ /
246 _aChonvian Kafian : in Punjabi /
_bby 2000
260 _aਪੰਜਾਬ
_bਭਾਸ਼ਾ ਵਿਭਾਗ, ਪੰਜਾਬ
_c2000
270 _aਭਾਸ਼ਾ ਵਿਭਾਗ, ਪੰਜਾਬ
_bਦਿੱਲੀ
300 _a303p.
_c22cm(Hb)
650 _a ਸਾਹਿਤ --ਪੰਜਾਬੀ
_9133299
650 _a ਪੰਜਾਬੀ--- ਕਵਿਤਾਵਾਂ
_9133300
650 _a Literature--Punjabi
_9133301
650 _aPunjabi-- Poetry
_9133302
942 _2ddc
_cPN
_h851
_mਕੋਹਲੀ
999 _c111094
_d111094